Statistics for Starwars characters Trivia

Click here to take the quiz!

General Stats

  • This quiz has been taken 1,390 times
  • The average score is 6 of 12

Answer Stats

HintAnswer% Correct
Bounty HunterBoba Fett
89%
Sith LordDarth Vader
82%
Rebel DroidR2-D2
77%
SmugglerHan Solo
75%
WookieChewbacca
73%
Rebel DroidC3-PO
71%
Rebel warriorLuke Skywalker
52%
Bounty hunterBossk
25%
Bounty HunterGreedo
16%
Bounty hunterDengar
14%
DirectorDirector Krennick
1%
Sith LordEmporer Palpatine
1%

Score Distribution

Percentile by Number Answered

Percent of People with Each Score

Your Score History

You have not taken this quiz